1396 1547 1810 1456 1656 1027 1169 1624 1253 1592 1759 1431 1047 1462 1007 1243 1217 1216 1276 1592 1070 1406 1650 1731 1831 1032 1244 1875 1219 1092 1179 1631 1126 1424 1520 1335 1636 1830 1771 1188 1885 1190 1684 1420 1401 1130 1849 1978 1609 1377 1418 1719 1453 1339 1110 1825 1747 1123 1080 1334 1055 1062 1225 1879 1441 1963 1968 1913 1230 1643 1778 1335 1484 1956 1002 1047 1754 1962 1149 1813 1095 1450 1456 1482 1614 1026 1594 1916 1821 1643 1160 1881 1800 1892 1682 1540 1479 1840 1353 BCNSPRNW ULIB Ver.6.0+V

เปลี่ยนเป็นภาษาไทย

Change to English
 แสดงรายละเอียดบรรณานุกรม
  กลับหน้าหลัก

Brief Record : Get Marc (ISO 2709) : E-mail record : QR code < ปิดหน้าต่าง
LEADER : 00000nam 2200000uu 4500
001    13399124311
003     ULIB
008    150308s2556||||th 000 0 tha d
020    ^a9786163482730
060  4 ^aWJ140^bจ344ร
100 0  ^aจำนงค์ นพรัตน์
245 00 ^aระบบขับถ่ายปัสสาวะ :^bการตรวจปัสสาวะ /^cจำนงค์ นพรัตน์
250    ^aพิมพ์ครั้งที่ 2
260    ^aสงขลา :^bหน่วยผลิตตำรา คณะแพทยศาสตร์ มหาวิทยาลัยสงขลานครินทร์,^c2556
300    ^a197 หน้า :^bภาพประกอบสี
650  7 ^aระบบปัสสาวะและอวัยวะสืบพันธุ์
650  7 ^aปัสสาวะ^xการตรวจ
710 1  ^aมหาวิทยาลัยสงขลานครินทร์.^bคณะแพทยศาสตร์.
945    ^p340^l0^i039246
945    ^p340^l0^i039247
945    ^p340^l0^i039248
945    ^p340^l0^i039249
945    ^p340^l0^i039250
995    ^aทศพร
999    ^aทศพร
รายการนี้ยังไม่มีแท็ก
คุณยังไม่ได้ล็อกอิน คุณสามารถมีกิจกรรมร่วมกับเว็บไซต์ได้ แต่ต้องล็อกอินก่อน ::
  ล็อกอิน

รายการสื่อสารสนเทศ

ลำดับที่ ประเภท เลขเรียก/บาร์โค้ด สถานที่ สถานะ
1. วิทยาศาสตร์การแพทย์ และสุขภาพ
หนังสือสำรอง
สถานะ=หนังสือสำรอง
WJ140 จ344ร ฉ.1 
  Barcode: 039246
ห้องสมุดวิทยาเขตสวรรค์ประชารักษ์
►ส่วนจัดเก็บหนังสือเก่า สปร
บนชั้น
  ขอยืม
2. วิทยาศาสตร์การแพทย์ และสุขภาพ
วิทยาศาสตร์การแพทย์ และสุขภาพ
WJ140 จ344ร ฉ.2 
  Barcode: 039247
ห้องสมุดวิทยาเขตสวรรค์ประชารักษ์
►ส่วนจัดเก็บหนังสือเก่า สปร
บนชั้น
  ขอยืม
3. วิทยาศาสตร์การแพทย์ และสุขภาพ
วิทยาศาสตร์การแพทย์ และสุขภาพ
WJ140 จ344ร ฉ.3 
  Barcode: 039248
ห้องสมุดวิทยาเขตสวรรค์ประชารักษ์
►ส่วนจัดเก็บหนังสือเก่า สปร
บนชั้น
  ขอยืม
4. วิทยาศาสตร์การแพทย์ และสุขภาพ
วิทยาศาสตร์การแพทย์ และสุขภาพ
WJ140 จ344ร ฉ.4 
  Barcode: 039249
ห้องสมุดวิทยาเขตสวรรค์ประชารักษ์
►ส่วนจัดเก็บหนังสือเก่า สปร
บนชั้น
  ขอยืม
5. วิทยาศาสตร์การแพทย์ และสุขภาพ
วิทยาศาสตร์การแพทย์ และสุขภาพ
WJ140 จ344ร ฉ.5 
  Barcode: 039250
ห้องสมุดวิทยาเขตสวรรค์ประชารักษ์
►ส่วนจัดเก็บหนังสือเก่า สปร
บนชั้น
  ขอยืม

รายการใกล้เคียง
    ผู้แต่ง [จำนงค์ นพรัตน์]

    หัวเรื่อง [ระบบปัสสาวะและอวัยวะสืบพันธุ์]

BibComment


ยังไม่เคยถูกคอมเมนท์

คอมเมนท์ทรัพยากรรายการนี้
  คอมเมนท์: ระบบขับถ่ายปัสสา..


 Copyright 2026. Bcnsprnw @Library